000 01014nam a22002177a 4500
999 _c58968
_d58968
003 Ge_BSU
005 20221025125921.0
008 221025s2006 ge ||||| |||| 00| 0 geo d
020 _a9994087339
041 _ageo
080 _a 316.346.2 კ-49
100 _aკიკნაძე, თამარ
_915533
245 _aგენდერი-სოციალური და პოლიტიკური სწავლებანი /
_cთამარ კიკნაძე, ნათელა დონაძე ; [რედ. ლია კაჭარავა].
264 _aთბილისი :
_bსოციალურ მეცნიერებათა ცენტრი,
_c2006.
300 _a134 გვ. :
_b ცხ. ;
_c29 სმ.
653 _aგენდერი
653 _aქალთა საკითხი
653 _aსქესის სოციოლოგია
700 _aდონაძე, ნათელა
_eავტორი
_915532
942 _2udc
_cBK